000 00438nam a2200157 i 4500
001 bg
100 1 _aBORKOWSKI, Andrzej
245 0 _aUkłady scalone w stabilizatorach napięcia stałego /
_cAndrzej Borkowski.
260 _aWarszawa :
_bWydawnictwa Naukowo-Techniczne,
_c1979.
650 9 _aUkłady scalone
040 _cBPK
041 _apol
080 _a621.382:621.316.72
942 _cKS
008 s pl f |000 0 pol
999 _c789
_d789
856 _uhttp://koha.tu.koszalin.pl/cgi-bin/koha/opac-detail.pl?biblionumber=789
_yKatalog online BPK